Score 0/50 Timer 07:00
0 Plays Today
County State % Correct
Niagara CountyNew York
83.1%
New Haven CountyConnecticut
75%
Peach CountyGeorgia
74.4%
Los Alamos CountyNew Mexico
72.1%
Atlantic CountyNew Jersey
71.3%
Peoria CountyIllinois
65.8%
Walla Walla CountyWashington
64.8%
Navajo CountyArizona
64.2%
Broward CountyFlorida
63.2%
Sandusky CountyOhio
57.8%
Laramie CountyWyoming
57.5%
Newport CountyRhode Island
56.6%
Dubuque CountyIowa
56.4%
Pueblo CountyColorado
56%
Saginaw CountyMichigan
55.1%
Talladega CountyAlabama
55%
Ventura CountyCalifornia
53.7%
St. John the Baptist ParishLouisiana
53.5%
Shenandoah CountyVirginia
52.6%
Leavenworth CountyKansas
49%
Hot Spring CountyArkansas
48.4%
Kenai Peninsula BoroughAlaska
48%
Grand Forks CountyNorth Dakota
44.6%
Kalawao CountyHawaii
44.4%
Prince George's CountyMaryland
43%
County State % Correct
Spartanburg CountySouth Carolina
41.8%
Elkhart CountyIndiana
39.5%
Waukesha CountyWisconsin
39.2%
Penobscot CountyMaine
35.5%
Lewis and Clark CountyMontana
35.4%
Cape Girardeau CountyMissouri
33.5%
New Castle CountyDelaware
32.9%
Twin Falls CountyIdaho
30.5%
Indiana CountyPennsylvania
29.6%
Kearney CountyNebraska
28.2%
Rutland CountyVermont
27.9%
Yazoo CountyMississippi
26.1%
Merrimack CountyNew Hampshire
25.3%
Wasatch CountyUtah
23.1%
Norfolk CountyMassachusetts
21.7%
Pamlico CountyNorth Carolina
21.6%
Monongalia CountyWest Virginia
21.6%
Deschutes CountyOregon
20.7%
Yankton CountySouth Dakota
20.2%
Itasca CountyMinnesota
19.4%
Washoe CountyNevada
18.5%
Tom Green CountyTexas
17.6%
Kenton CountyKentucky
16%
Rogers CountyOklahoma
13.5%
Maury CountyTennessee
12.8%
Remove Ads.
Support Sporcle.
Get the best of Sporcle when you Go Orange. This ad-free experience offers more features, more stats, and more fun while also helping to support Sporcle. Thank you for becoming a member.

You're not logged in!

Compare scores with friends on all Sporcle quizzes.
OR
Log In

Sporcle TV

Today on Sporcle TV


Watch our educational content, quiz creation guides, and fun videos on Sporcle TV.

Show Comments

Extras

Top Quizzes Today


Score Distribution

Paid Content

Your Account Isn't Verified!

In order to create a playlist on Sporcle, you need to verify the email address you used during registration. Go to your Sporcle Settings to finish the process.

Report this User

Report this user for behavior that violates our Community Guidelines.

Details: